Datum a čas kvízu
26
Celkem bodů
Celkový počet nahraných bodů na tomto kvízu bez doplňovacích otázek.
8.
Pořadí na kvízu
Konečné umístění týmu na tomto kvízu.
Zaznamenané odpovědi
| # | Otázka | Odpověď | Body | Výsledky |
|---|---|---|---|---|
| 1. | Jaroslav Němec z Bystrého na S... | hlemýždi (šneci) | 0 | |
| 2. | Tento ruský opoziční politik v... | Boris Naděždin | 0 | |
| 3. | Minulý týden v sobotu se konal... | Ples jako Brno | 1 | |
| 4. | Které město jako první v České... | Brno | 0 | |
| 5. | Po závěrečné siréně nedělního... | Sparta Praha, Třinec | 1 | |
| 6. | Nejvíce dvojčat na světě se ro... | Nigérie | 0 | |
| 7. | Dvojčata si mohou v dětském vě... | kryptofázie | 0 | |
| 8. | Jako dvojčata byly označovány... | Ground Zero | 0 | |
| 9. | Jak se jmenuje herec, jehož ob... | Rami Malek | 1 | |
| 10. | Na závěr tématu se podíváme na... | paterčata | 0 |